Top 100 MLB Players Entering 2023 - Statistics

General Stats
  • This quiz has been taken 117 times
  • The average score is 71 of 100
Answer Stats
Rank Team Position Answer % Correct
2 LAA OF Mike Trout
98%
1 LAA SP/DH Shohei Ohtani
98%
3 NYY OF Aaron Judge
96%
9 LAD OF Mookie Betts
95%
8 PHI SS Trea Turner
94%
4 SD 3B Manny Machado
93%
5 LAD 1B Freddie Freeman
92%
10 STL 3B Nolan Arenado
92%
19 NYY SP Gerrit Cole
90%
13 CLE 3B Jose Ramirez
90%
6 SD OF Juan Soto
90%
14 ATL OF Ronald Acuña Jr.
90%
21 PHI C J.T. Realmuto
89%
12 STL 1B Paul Goldschmidt
89%
7 SEA OF Julio Rodriguez
88%
20 BOS 3B Rafael Devers
88%
16 TOR 1B Vladimir Guerrero Jr.
88%
27 NYM SP Max Scherzer
87%
23 MIL SP Corbin Burnes
86%
25 SD OF Fernando Tatis Jr.
86%
17 NYM SS Francisco Lindor
86%
22 NYM SP Justin Verlander
86%
29 NYM 1B Pete Alonso
86%
47 LAD C Will Smith
86%
18 ATL 3B Austin Riley
83%
58 PHI OF/DH Bryce Harper
83%
24 MIN SS Carlos Correa
83%
44 TEX SP Jacob deGrom
83%
67 HOU 2B Jose Altuve
83%
11 MIA SP Sandy Alcantara
83%
15 HOU OF/DH Yordan Alvarez
83%
28 SD SS Xander Bogaerts
82%
61 CWS SS Tim Anderson
81%
31 TB SS Wander Franco
81%
26 PHI SP Aaron Nola
80%
39 HOU 3B Alex Bregman
80%
49 TOR SS Bo Bichette
79%
40 TEX SS Corey Seager
79%
38 HOU OF Kyle Tucker
79%
87 LAD SP Clayton Kershaw
77%
33 PHI SP Zack Wheeler
77%
56 BAL OF Cedric Mullins
76%
65 TEX 2B Marcus Semien
76%
53 ATL 1B Matt Olson
76%
30 CLE SP Shane Bieber
76%
57 NYM 2B Jeff McNeil
74%
74 ATL 2B Ozzie Albies
74%
69 KC SS Bobby Witt Jr.
73%
62 PIT OF Bryan Reynolds
73%
54 CHC SS Dansby Swanson
73%
43 CWS SP Dylan Cease
73%
32 ATL SP Max Fried
73%
64 MIN OF Byron Buxton
71%
42 HOU SP Framber Valdez
71%
63 TOR OF George Springer
71%
35 BAL C Adley Rutschman
70%
46 LAD SP Julio Urias
69%
50 ATL SP Spencer Strider
69%
52 HOU SS Jeremy Peña
68%
96 ARI 2B Ketel Marte
68%
86 NYM OF Starling Marte
68%
89 HOU 1B José Abreu
67%
80 SD SP Yu Darvish
67%
37 SEA SP Luis Castillo
65%
41 ATL OF Michael Harris II
64%
34 NYY SP Carlos Rodon
63%
60 MIA 2B/OF Jazz Chisholm Jr.
63%
81 PHI OF Kyle Schwarber
63%
66 ATL C Sean Murphy
63%
55 MIL SP Brandon Woodruff
62%
36 TB SP Shane McClanahan
62%
94 STL C Willson Contreras
62%
45 ARI SP Zac Gallen
62%
59 CLE RP Emmanuel Clase
61%
51 TOR SP Alek Manoah
60%
48 CLE 2B Andrés Gimenez
60%
68 NYM OF Brandon Nimmo
60%
82 TOR 3B Matt Chapman
60%
85 TOR SP Kevin Gausman
58%
71 SF SP Logan Webb
58%
92 CWS OF Luis Robert Jr.
58%
84 TB OF Randy Arozarena
57%
90 MIL SS Willy Adames
57%
78 SD SP Joe Musgrove
55%
72 BAL 3B Gunnar Henderson
54%
95 PIT 3B Ke'Bryan Hayes
54%
75 NYY SP Nestor Cortes
54%
99 SEA OF Teoscar Hernandez
54%
100 CWS OF/DH Eloy Jimenez
52%
83 MIA 2B Luis Arraez
51%
97 CWS SP Lucas Giolito
50%
79 CLE OF Steven Kwan
49%
73 ARI OF Corbin Carroll
46%
70 HOU SP Cristan Javier
46%
88 TB SP Tyler Glasnow
42%
77 MIN SP Pablo Lopez
40%
91 SEA SP George Kirby
37%
93 TOR OF Daulton Varsho
35%
76 CLE SP Triston McKenzie
35%
98 SEA SP Logan Gilbert
32%
No matching quizzes found
Score Distribution
Percent of People with Each Score
Percentile by Number Answered
Your Score History
You have not taken this quiz